书目信息 |
| 题名: |
过程控制
|
|
| 作者: | 林锦国 主编 | |
| 分册: | ||
| 出版信息: | 南京 东南大学出版社 2006.03 |
|
| 页数: | 300页 | |
| 开本: | 26cm | |
| 丛书名: | ||
| 单 册: | ||
| 中图分类: | TP216 , TP273 | |
| 科图分类: | ||
| 主题词: | 过程控制--guo cheng kong zhi--控制系统 | |
| 电子资源: | ||
| ISBN: | 7-5641-0218-7 | |
| 000 | 00806nam0 2200241 450 | |
| 001 | 012006296456 | |
| 005 | 20060522102538.57 | |
| 010 | @a7-5641-0218-7@dCNY30.00 | |
| 100 | @a20060507d2006 km y0chiy0120 ea | |
| 101 | 0 | @achi |
| 102 | @aCN@b320000 | |
| 105 | @aa z 000yy | |
| 200 | 1 | @a过程控制@Aguo cheng kong zhi@f林锦国主编@Flin jin guo zhu bian |
| 205 | @a第2版 | |
| 210 | @a南京@c东南大学出版社@d2006.03 | |
| 215 | @a300页@c图@d26cm | |
| 330 | @a本书较为系统地介绍了控制科学与工程的主要分支——过程控制,包括控制系统的基本原理,构成控制系统的仪表和计算机装置,应用案例,习题及实验指导书。 | |
| 606 | 0 | @a过程控制@Aguo cheng kong zhi@x控制系统 |
| 690 | @aTP216@v4 | |
| 690 | @aTP273@v4 | |
| 701 | 0 | @a林锦国@Alin jin guo@4主编 |
| 801 | 0 | @aCN@bQSSK@c20060522 |
| 905 | @a10447@dTP273@eL501 | |
| 过程控制/林锦国主编.-第2版.-南京:东南大学出版社,2006.03 |
| 300页:图;26cm |
| ISBN 7-5641-0218-7:CNY30.00 |
| 本书较为系统地介绍了控制科学与工程的主要分支——过程控制,包括控制系统的基本原理,构成控制系统的仪表和计算机装置,应用案例,习题及实验指导书。 |
| ● |
| 相关链接 |
|
|
|
正题名:过程控制
索取号:TP273/L501
 
预约/预借
| 序号 | 登录号 | 条形码 | 馆藏地/架位号 | 状态 | 备注 |
| 1 | 580178 | 205801783 | 自科库301/301自科库 41排7列4层/ [索取号:TP273/L501] | 在馆 | |
| 2 | 580179 | 205801792 | 自科库301/301自科库 41排7列4层/ [索取号:TP273/L501] | 在馆 | |
| 3 | 580180 | 205801809 | 自科二线404/404自科库 12排5列5层/ [索取号:TP273/L501] | 在馆 |